| 000 | 00544nam a22001697a 4500 | ||
|---|---|---|---|
| 020 | _a9788184893403 | ||
| 082 | _a621.3821 GAV | ||
| 100 | _aGavrilovska, Liljana. | ||
| 245 | _aAd hoc networking towards seamless communications | ||
| 260 |
_aNew Delhi, India _bSpringer _c2006 |
||
| 300 |
_axxvii, 284 p. _bill. ; |
||
| 490 | _aSignals and communication technology | ||
| 500 | _aIncludes bibliographical references and index. | ||
| 650 | _a1. Wireless communication systems. 2. Computer networks. | ||
| 700 | _aPrasad, Ramjee. | ||
| 942 | _cBK | ||
| 999 |
_c12643 _d12643 |
||